Biblioteca y Centro de Documentación

Vista normal Vista MARC

Entrada Nombre personal

Número de registros utilizados en: 1

001 - NÚMERO DE CONTROL

  • Campo de control: 40631

003 - IDENTIFICADOR DE NÚMERO DE CONTROL

  • Campo de control: ES-MaCES

005 - FECHA Y HORA DE LA ULTIMA MODIFICACION

  • Campo de control: 20230215101830.0

008 - ELEMENTOS DE DATOS DE LONGITUD FIJA

  • Campo de longitud fija: 230215|| azz||aabn | a|a d

040 ## - FUENTE DE LA CATALOGACIÓN

  • Agencia original de catalogación: ES-MaCES

100 1# - ENCABEZAMIENTO--NOMBRE DE PERSONA

  • Nombre personal: López, Silvia

400 1# - TRAZADO VEÁSE--NOMBRE DE PERSONA

  • Nombre personal: López Sánchez, Silvia

670 ## - FUENTE DE DATOS ENCONTRADOS

  • Fuente de citación: Guerrilla Media Collective
  • Información encontrada: Es una cooperativa de traducción feminista y orientada al procomún. Somos un grupo internacional de profesionales empeñadas en preservar el arte de la traducción y concebimos la cooperativa como una herramienta de trabajo sostenible, digno y ético para las trabajadoras del sector del conocimiento
© CES, Consejo Económico y Social de España 2021